O município de Niterói: geografia e história (Record no. 121029)

MARC details
000 -LÍDER
campo de controle de tamanho fixo 00460 a2200193 4500
001 - NÚMERO DE CONTROLE
campo de controle 121029
020 ## - ISBN - INTERNATIONAL STANDARD BOOK NUMBER
ISBN - International Standard Book Number 9788554770044
040 ## - FONTE DA CATALOGAÇÃO
Instituição que transcreveu o registro Escola Canadense de Niteroi
100 ## - ENTRADA PRINCIPAL--NOME PESSOAL
Nome pessoal Antunes, Aracy do Rego
245 10 - TÍTULO
Título O município de Niterói: geografia e história
250 ## - EDIÇÃO
Edição 7 ed
260 ## - PUBLICAÇÃO, DISTRIBUIÇÃO, ETC.
Local de publicação, distribuição, etc. Rio de Janeiro
300 ## - DESCRIÇÃO FÍSICA
Extensão 228 p.
Outros detalhes físicos il.
362 0# - DATAS DE PUBLICAÇÃO E/OU DESIGNAÇÃO SEQUENCIAL
Datas de publicação e/ou designação sequencial 2018
490 0# - TÍTULO DA SÉRIE
Título da série Viva a Nossa Turma
650 #4 - ASSUNTO--TERMO TÓPICO
Cabeçalho tópico ou nome geográfico Geografia
650 #4 - ASSUNTO--TERMO TÓPICO
Cabeçalho tópico ou nome geográfico História
942 ## - ELEMENTOS DE ENTRADA ADICIONADOS (KOHA)
Tipo de material Koha Livros
Holdings
Situação do descarte Situação das perdas Situação física Não pode ser emprestado Biblioteca de origem Biblioteca atual Data de aquisição Total de empréstimos Código de barras Data de último acesso Data do preço efetivo Tipo de material Koha
        Canadian School of Niterói - Piratininga Canadian School of Niterói - Piratininga 09/02/2024   A19356 09/02/2024 09/02/2024 Livros